000 00426cam a22001217a 4500
008 180718b2002 xxu||||| |||| 00| 0 eng d
082 _aAPPPA 2001-02 MIT/26
100 _aMittal, Rajesh
245 _aStudy of system of maintenance of government buildings in C.P.W.D.
_cby Rajesh Mittal
260 _aNew Delhi
_bIndian Institute of Public Administration
_c2002
300 _a170p.
650 _aBuildings - Maintenance and repair
999 _c492046
_d492046